South Eastern Kenya University

Library Online Public Access Catalogue


Using SPSS : (Record no. 10386)

MARC details
000 -LEADER
fixed length control field 00897cam a22002894a 4500
001 - CONTROL NUMBER
control field 16775997
003 - CONTROL NUMBER IDENTIFIER
control field OSt
005 - DATE AND TIME OF LATEST TRANSACTION
control field 20160204145337.0
008 - FIXED-LENGTH DATA ELEMENTS--GENERAL INFORMATION
fixed length control field 110512s2012 caua 001 0 eng
010 ## - LIBRARY OF CONGRESS CONTROL NUMBER
LC control number 2011019175
020 ## - INTERNATIONAL STANDARD BOOK NUMBER
International Standard Book Number 9781412995153 (pbk.)
020 ## - INTERNATIONAL STANDARD BOOK NUMBER
International Standard Book Number 1412995159 (pbk.)
035 ## - SYSTEM CONTROL NUMBER
System control number (OCoLC)ocn701806926
040 ## - CATALOGING SOURCE
Original cataloging agency SEKU
042 ## - AUTHENTICATION CODE
Authentication code pcc
050 00 - LIBRARY OF CONGRESS CALL NUMBER
Classification number HA 32
Item number .C8 2012
100 1# - MAIN ENTRY--PERSONAL NAME
Personal name Cunningham, James B.,
Dates associated with a name 1938-
245 10 - TITLE STATEMENT
Title Using SPSS :
Remainder of title an interactive hands-on approach /
Statement of responsibility, etc. James B. Cunningham, James O. Aldrich.
260 ## - PUBLICATION, DISTRIBUTION, ETC. (IMPRINT)
Place of publication, distribution, etc. Thousand Oaks, Calif. :
Name of publisher, distributor, etc. SAGE,
Date of publication, distribution, etc. c2012.
300 ## - PHYSICAL DESCRIPTION
Extent xx, 237 p. :
Other physical details ill. ;
Dimensions 24 cm.
500 ## - GENERAL NOTE
General note Includes index.
504 ## - BIBLIOGRAPHY, ETC. NOTE
Bibliography, etc Includes bibliographical references and index.
630 00 - SUBJECT ADDED ENTRY--UNIFORM TITLE
Uniform title SPSS (Computer file)
650 #0 - SUBJECT ADDED ENTRY--TOPICAL TERM
Topical term or geographic name as entry element Social sciences
General subdivision Statistical methods
-- Computer programs.
700 1# - ADDED ENTRY--PERSONAL NAME
Personal name Aldrich, James O.
942 ## - ADDED ENTRY ELEMENTS (KOHA)
Source of classification or shelving scheme Library of Congress Classification
Koha item type General circulation

No items available.

Kitui, Kenya.
+254736116989
library@seku.ac.ke